00473nam a22001457a 4500003000900000005001700009008004100026040002300067082001300090100003400103245010200137260004600239300002200285650002000307BDDh-ASL20231015025803.0201207s2003 bg ||||| |||| 00| 0 eng d aBDDh-ASLcBDDh-ASL a954bBAT1 aBandyopadhyay, Premansu Kumar10aTulsi Leaves and the Ganges Water : bThe Slogan of the first Sepoy Mutiny at Barrackpore 1824 /  aKolkata: bK P Bagchi & Company, c2003.  a239 p. :c22 cm.  0aHistoryzIndia